| 000 | 00518nam a2200193Ia 4500 | ||
|---|---|---|---|
| 003 | OSt | ||
| 005 | 20250210145114.0 | ||
| 008 | 210210b1993 xxu||||| |||| 00| 0 eng d | ||
| 040 | _cAL | ||
| 041 | _aKannada | ||
| 082 | _aK894.2 GIRN | ||
| 100 |
_aGIRISH KARNAD. _9134508 _dಗಿರೀಶ್ ಕಾರ್ನಾಡ್. |
||
| 245 |
_aNagamandala. _bನಾಗಮಂಡಲ |
||
| 260 |
_aDharavada _bManohara Granthamale _c1993 |
||
| 300 | _a90 | ||
| 690 |
_aKannada Drama _9134509 |
||
| 906 | _a049287 | ||
| 942 |
_2ddc _cBK |
||
| 999 |
_c97959 _d97959 |
||